000 004640000a22001810004500
003 MACL
005 20150708145518.0
008 150708b xxu||||| |||| 00| 0 eng d
040 _aMACL
_cMACL
041 _aEnglish
082 _a305.906/GAU
100 _aGaur, Dr. Mahendra
_9456
245 _aThe Child Abuse
_bA Reality
260 _bAlfa Publications
_c2008
_aNew Delhi
350 _a690.00
650 _aSocial Science
_91449
942 _cBK
_k305.906/GAU
_2ddc
999 _c41131
_d41131